000 01212nam0a2200313 4500
001 RU\NLR\bibl\589586
005 20260405070628.0
010 _a5-8183-0815-4
_94000
021 _aRU
_b2004-68791
_93391
035 _a(NLR Aleph) 000581559
090 _a1656009
_c1656009
100 _a20041224d2004 |||y0rusy50 ca
101 1 _arus
_ceng
102 _aRU
105 _aa |||||||||
200 1 _aАюрведический массаж
_fАтрейя
_g[Пер. с англ. Т. Новиковой]
210 _aМ.
_cГРАНД
_cФАИР-ПРЕСС
_d2004
215 _a254, [1] с.
_cил.
_d21
225 1 _aПопулярная медицина
300 _aЗагл. и авт. ориг.: Secrets of ayurvedic massage / Atreya
454 0 _12001#$aSecrets of ayurvedic massage
_1700#1$aAtreya$4070
_tSecrets of ayurvedic massage
_aAtreya
606 0 _aМассаж аюрведический
_jПопулярные издания
_92168857
_3RU\NLR\auth\661304787
686 _aР359.12я9
700 0 _4070
_8rus
_7ca
_aАтрейя
_cпсевдоним
_3RU\NLR\auth\7723985
_97038
801 0 _aRU
_bNLR
_c20041224
_gPSBO
801 1 _aRU
_bNLR
_c20041224
942 _cBOOK
980 _aNB